000 00458nmm a2200157Ia 4500
008 251105s9999||||xx |||||||||||||||||und||
041 _aspa
100 _aNovak, Brenda
245 0 _aCrimen perfecto
264 _a[Madrid, España] :
_bHarlequin,
_c[Fecha de publicación no identificada]
300 _a0 páginas
490 _a'La perfección'
650 _aThriller & Suspense
856 _uhttps://public.digitaliapublishing.com/a/90547
942 _cCF
999 _c99692
_d99692